000 01021cam a2200277 4500
001 ABS64756
008 011203n2001 000 0 eng u
035 _a(Sirsi) u115818
100 _aPalmer, T.
245 _aWhole ventilation
260 _c2001
490 _aHouse Builder
_v60(10) November 2001, 63(1)
520 _aExplores whether whole house ventilation is the way forward for the housebuilding industry. Considers how developments in this area are coping with new ventilation requirements. List contacts.
590 _aABS
650 _aVENTILATION
650 _aHOUSE BUILDING INDUSTRY
650 _aBUILDING REGULATIONS
_96224
650 _aDEVELOPMENTS
650 _aVENTILATION SYSTEMS
650 _aAIR QUALITY
650 _aINFILTRATION
650 _aBUILT ENVIRONMENT-BUILDING ELEMENTS-COMPLETE BUILDING SERVICES ELEMENTS-COMPLETE HEATING, VENTILATION AND AIR CONDITIONING SYSTEMS
650 _aGREEN BUILDINGS
690 _aBUILDING AND CONSTRUCTION-ENERGY MANAGEMENT
942 _n0
999 _c68988
_d68988